Handbook of steel drainage & highway construction products (Record no. 45328)

MARC details
000 -LEADER
fixed length control field 00628nam a2200169 a 4500
008 - FIXED-LENGTH DATA ELEMENTS--GENERAL INFORMATION
fixed length control field 120416s1971 ||||||||||||||||| || u
050 ## - LIBRARY OF CONGRESS CALL NUMBER
Classification number HD 9529.P5 Gri
100 ## - MAIN ENTRY--PERSONAL NAME
Personal name Griffin, Rex B. Jr
245 10 - TITLE STATEMENT
Title Handbook of steel drainage & highway construction products
Statement of responsibility, etc. Rex B. Griffin Jr.
260 ## - PUBLICATION, DISTRIBUTION, ETC.
Place of publication, distribution, etc. Washington, DC
Name of publisher, distributor, etc. American Iron and Steel Inst
Date of publication, distribution, etc. 1971
300 ## - PHYSICAL DESCRIPTION
Extent 348p. : ill.
350 ## - PRICE (NR) (BK AM CF MU VM SE) [OBSOLETE]
Price 0.00
650 #3 - SUBJECT ADDED ENTRY--TOPICAL TERM
Topical term or geographic name entry element MINERALS
650 ## - SUBJECT ADDED ENTRY--TOPICAL TERM
Topical term or geographic name entry element Steel industry and trade
650 ## - SUBJECT ADDED ENTRY--TOPICAL TERM
Topical term or geographic name entry element Steel--Dictionaries
995 ## - RECOMMENDATION 995 [LOCAL, UNIMARC FRANCE]
-- 0.00
-- CBU-MAIN LIBRARY (Kitwe)
-- 1
-- 9.00
-- 1
-- REFERENCE
-- Reference Collection
Holdings
Withdrawn status Lost status Source of classification or shelving scheme Damaged status Not for loan Home library Current library Shelving location Date acquired Total Checkouts Full call number Barcode Date last seen Price effective from Koha item type
          CBU-MAIN LIBRARY, KITWE. CBU-MAIN LIBRARY, KITWE.   11/30/2022   HD 9529.P5 Gri 39704 11/30/2022 11/30/2022 MONOGRAPH